Breakfast with Her Excellency and other notes of a zoo director /
Další ze zápisníků ředitele pražské zoo obsahuje přes sedmdesát kapitol nejen ze zákulisí zoologické zahrady, ale také z pouští a pralesů.
Uloženo v:
| Hlavní autor: | |
|---|---|
| Další autoři: | , |
| Médium: | E-kniha |
| Jazyk: | English |
| Vydáno: |
Praha :
Prague Zoo,
[2025]
|
| Vydání: | First English edition |
| Témata: | |
| Tagy: |
Žádné tagy |
| LEADER | 04370nam a2200889 i 4500 | ||
|---|---|---|---|
| 001 | 313968 | ||
| 003 | CZ PrSKC | ||
| 005 | 20260627062716.0 | ||
| 007 | ta | ||
| 008 | 241106t20252025xr ach g 001 j eng | ||
| 015 | |a cnb003641279 | ||
| 020 | |a 9788088426363 |q (brožováno) | ||
| 035 | |a (OCoLC)1519102826 | ||
| 040 | |a OLA001 |b cze |d BOA001 |d ABA001 |e rda | ||
| 041 | 1 | |a eng |h cze | |
| 043 | |a x------ |a e-xr--- |b e-xr-pg |2 czenas | ||
| 045 | |a x6y- | ||
| 072 | 7 | |a 59 |x Zoologie |2 Konspekt | |
| 080 | |a 59:069.029 |2 MRF | ||
| 080 | |a 59-051 |2 MRF | ||
| 080 | |a [59:069.029]-057.177.3 |2 MRF | ||
| 080 | |a 636.025 |2 MRF | ||
| 080 | |a 591.5 |2 MRF | ||
| 080 | |a 0/9 |2 MRF | ||
| 080 | |a 502.172:592/599 |2 MRF | ||
| 080 | |a 913:910.4 |2 MRF | ||
| 080 | |a (437.311) |2 MRF | ||
| 080 | |a (100) |2 MRF | ||
| 080 | |a (0:82-32) |2 MRF | ||
| 080 | |a (0:82-4) |2 MRF | ||
| 100 | 1 | |a Bobek, Miroslav, |d 1967- |7 jn20000400204 |4 aut | |
| 240 | 1 | 0 | |a Snídaně s její excelencí. |l Anglicky |7 aun20251257347 |
| 245 | 1 | 0 | |a Breakfast with Her Excellency and other notes of a zoo director / |c Miroslav Bobek ; translation: Jana Hajduchová, Michaela McKim |
| 246 | 1 | 8 | |a Breakfast with Her Excellency |
| 250 | |a First English edition | ||
| 264 | 1 | |a Praha : |b Prague Zoo, |c [2025] | |
| 264 | 4 | |c ©2025 | |
| 300 | |a 274 stran : |b ilustrace (převážně barevné), portréty, faksimile ; |c 21 cm | ||
| 336 | |a text |b txt |2 rdacontent | ||
| 337 | |a bez média |b n |2 rdamedia | ||
| 338 | |a svazek |b nc |2 rdacarrier | ||
| 500 | |a Přeloženo z češtiny | ||
| 500 | |a Obsahuje rejstřík | ||
| 520 | 2 | |a Další ze zápisníků ředitele pražské zoo obsahuje přes sedmdesát kapitol nejen ze zákulisí zoologické zahrady, ale také z pouští a pralesů. |b Seznámí čtenáře s pozoruhodnými zvířaty, lidmi i místy - a snad je povede k zamyšlení nad naším vztahem k ostatním živým tvorům. Dozvíte se mnoho zákulisních informací z jedné z nejoceňovanějších zoologických zahrad světa. Co obnáší takový převoz gorilí samice? Jaké byly počátky Zoo Praha a jak se staví nové pavilony? Můžete se radovat z narození mláďat luskouna nebo z návratu kapybar. Anebo se dozvíte, proč hrál slavný internacionál Karel Poborský fotbalový zápas v Kamerunu. Vše doprovázejí unikátní fotografie. Knihu předmluvou opatřil britský velvyslanec v České republice Matt Field. Nakladatelská anotace. Kráceno. | |
| 600 | 1 | 7 | |a Bobek, Miroslav, |d 1967- |7 jn20000400204 |2 czenas |
| 610 | 2 | 7 | |a Zoologická zahrada hl. m. Prahy |7 ko2012698076 |2 czenas |
| 648 | 7 | |a 20.-21. století |7 ch462155 |2 czenas | |
| 650 | 0 | 7 | |a zoologické zahrady |7 ph127667 |z Česko |2 czenas |
| 650 | 0 | 7 | |a zoologové |7 ph127668 |z Česko |y 20.-21. století |2 czenas |
| 650 | 0 | 7 | |a ředitelé zoologických zahrad |7 ph934812 |z Česko |y 20.-21. století |2 czenas |
| 650 | 0 | 7 | |a zvířata chovaná v zoo |7 ph135138 |2 czenas |
| 650 | 0 | 7 | |a ekologie živočichů |7 ph114419 |2 czenas |
| 650 | 0 | 7 | |a všeobecnosti a zajímavosti |7 ph116736 |2 czenas |
| 650 | 0 | 7 | |a ochrana živočichů |7 ph135419 |z země světa |2 czenas |
| 650 | 0 | 7 | |a cesty a pobyt |7 ph137578 |z země světa |2 czenas |
| 650 | 0 | 9 | |a Zoos |z Czechia |2 eczenas |
| 650 | 0 | 9 | |a zoologists |z Czechia |y 20th-21st centuries |2 eczenas |
| 650 | 0 | 9 | |a Zoos directors |z Czechia |y 20th-21st centuries |2 eczenas |
| 650 | 0 | 9 | |a zoo animals |2 eczenas |
| 650 | 0 | 9 | |a animal ecology |2 eczenas |
| 650 | 0 | 9 | |a facts and features |2 eczenas |
| 650 | 0 | 9 | |a animal conservation |z countries of the world |2 eczenas |
| 650 | 0 | 9 | |a travels and stays |z countries of the world |2 eczenas |
| 651 | 7 | |a Praha (Česko) |7 ge118011 |2 czenas | |
| 651 | 9 | |a Prague (Czechia) |2 eczenas | |
| 655 | 7 | |a příběhy |7 fd133204 |2 czenas | |
| 655 | 7 | |a fejetony |7 fd132252 |2 czenas | |
| 655 | 9 | |a stories |2 eczenas | |
| 655 | 9 | |a feuilletons |2 eczenas | |
| 700 | 1 | |a Hajduchová, Jana |7 mzk2014834315 |4 trl | |
| 700 | 1 | |a McKim, Michaela |4 trl | |
| 900 | |a ABA001 |b 20 | ||
| 928 | 9 | |a Zoo Praha | |
| 044 | |a xr | ||
| 910 | |a RBIT002 | ||
| 998 | |d 421107 |a https://core.palmknihy.cz/api/books/421107/cover?sycsgo |b https://core.palmknihy.cz/api/books/421107/cover/400?sycsgo |c https://core.palmknihy.cz/api/books/421107/cover/50?sycsgo |e 2030-05-25 |g 280 |i 9788088426363 |k https://core.palmknihy.cz/api/books/421107/preview.pdf |l |q 49 |r 1 |s https://www.palmknihy.cz/kniha/421107 |t ebook |y 2025 |z 0 | ||
| 999 | |d 313966 | ||